El universo de Pedro Coronel (Record no. 10363)

MARC details
000 -CABECERA
campo de control de longitud fija 00900nam a2200253 a 4500
001 - NÚMERO DE CONTROL
campo de control BRL_1554
005 - FECHA Y HORA DE LA ÚLTIMA TRANSACCIÓN
campo de control 20190320211247.0
008 - DATOS DE LONGITUD FIJA--INFORMACIÓN GENERAL
campo de control de longitud fija 030314s1981----mx-o######---#000-0#spa-#
020 ## - NÚMERO INTERNACIONAL ESTÁNDAR DEL LIBRO
Número Internacional Estándar del Libro 968804590X
041 ## - CÓDIGO DE LENGUA
Código de lengua del texto/banda sonora o título independiente spa
044 ## - CÓDIGO DEL PAÍS DE LA ENTIDAD EDITORA/PRODUCTORA
Código MARC del país mx
050 #4 - SIGNATURA TOPOGRÁFICA DE LA BIBLIOTECA DEL CONGRESO
Número de clasificación N6559.C6
Número de documento/Ítem .U55 1981
245 10 - MENCIÓN DE TÍTULO
Título El universo de Pedro Coronel
Mención de responsabilidad, etc. edición a cargo de Rigel García de la Cabada y Mariano Flores Castro ; fotografías Gabriel Figueroa Flores.
260 ## - PUBLICACIÓN, DISTRIBUCIÓN, ETC.
Lugar de publicación, distribución, etc. México
Nombre del editor, distribuidor, etc. Cultura SEP : INBA, Dirección de Artes Plásticas
Fecha de publicación, distribución, etc. 1981
300 ## - DESCRIPCIÓN FÍSICA
Extensión 118 p.
Otras características físicas il., fotografía (a color)
Dimensiones 27 cm.
Material acompañante/anejo + 1 Plano plegable
500 ## - NOTA GENERAL
Nota general Au1837
500 ## - NOTA GENERAL
Nota general Incluye índice de ilustraciones
600 14 - PUNTO DE ACCESO ADICIONAL DE MATERIA--NOMBRE DE PERSONA
Nombre de persona Coronel, Pedro
Fechas asociadas al nombre 1923-1985
9 (RLIN) 27260
700 1# - PUNTO DE ACCESO ADICIONAL--NOMBRE DE PERSONA
Nombre de persona Garcia de la Cabada, Rigel
Término indicativo de función/relación ed.
9 (RLIN) 27261
700 1# - PUNTO DE ACCESO ADICIONAL--NOMBRE DE PERSONA
Nombre de persona Flores Castro, Mariano
Término indicativo de función/relación ed.
9 (RLIN) 27262
700 1# - PUNTO DE ACCESO ADICIONAL--NOMBRE DE PERSONA
Nombre de persona Figueroa Flores, Gabriel
Término indicativo de función/relación il.
9 (RLIN) 5619
902 ## - CATALOGADOR
Iniciales GRL
942 ## - ELEMENTOS DE PUNTO DE ACCESO ADICIONAL (KOHA)
Fuente del sistema de clasificación o colocación Library of Congress Classification
Tipo de ítem Koha Libros
Holdings
Estado de retiro Estado de pérdida Estado dañado No para préstamo Localización permanente Ubicación/localización actual Fecha de adquisición Número de inventario Total de préstamos Signatura topográfica completa Código de barras Fecha visto por última vez Precio válido a partir de Tipo de ítem Koha
El ejemplar forma parte de la colección y puede ser consultado según las políticas vigentes.       Biblioteca Centro de Estudios Ruth D. Lechuga Biblioteca Centro de Estudios Ruth D. Lechuga 03/03/2014 Au1837   N6559.C6 .U55 1981 (Au1837) GRL01714 22/03/2019 22/03/2019 Libros